000 02804nmm a2200277 a 4500
003 CO-CtgCURN
005 20250721164718.0
008 231013s2023 xx f 000 0 und d
040 _aCO-CtgCURN
_bspa
_ccoctgcurn
082 _aTSO 2023
_b B277a
100 _aBarroso Polanco, Keyna Paola
_eautora
_98634
245 0 _aAproximación a las problemáticas de los vendedores ambulantes en los alrededores de la Institución Educativa Evardo Turizo Palencia en el barrio La Esmeralda en el suroccidente de la Ciudad de Barranquilla, Atlántico
_h[electronic resource] /
_cKeyna Paola Barroso Polanco; Yarelis Dayana García Hernández; tutor., Rafael Alberto Zambrano Vanegas
260 _aBarranquilla, Atlántico :
_bCorporación Universitaria Rafael Núñez,
_c2023
300 _a1 recurso en línea (106 páginas (PDF)) :
_btablas, fotografías, ilustraciones
502 _aTrabajo de Grado (Trabajadora Social). Corporación Universitaria Rafael Núñez. Facultad de Ciencias Sociales y Humanas. Programa de Trabajo Social, 2023
504 _aIncluye referencias bibliográficas
520 _aEl Trabajo Social se destaca como una disciplina fundamental para promover el bienestar social, la justicia y la equidad, facilitando la inclusión y el empoderamiento de los vendedores ambulantes en busca de un trabajo digno y acceso a servicios básicos. Esta investigación aborda las problemáticas de los vendedores ambulantes cerca de la Institución Evardo Turizo Palencia. Se analiza el uso indebido del espacio público, desafíos y oportunidades, así como su impacto en la calidad de vida. La investigación tiene como objetivo determinar la incidencia de la problemática del espacio público en el exterior de la Institución Educativa Evardo Turizo Palencia sobre la comunidad residente del barrio La Esmeralda, ubicado en el suroccidente de la Ciudad de Barranquilla, Atlántico, durante el periodo comprendido entre 2021 y 2022. Seguidamente se utiliza un enfoque de método mixto, combinando métodos cuantitativos y cualitativos para la recopilación de datos; que permitieron hallar una sensación de inseguridad que habita alrededor de este sector, falta de oportunidades y soluciones por parte del Gobierno territorial.
521 _aAREA PROFESIONAL
590 _aPrograma de Trabajo Social_26
650 _aTrabajo Social
_vTesis y disertaciones académicas
_98635
700 _aGarcía Hernández, Yarelis Dayana
_eautora
_98636
700 _aZambrano Vanegas, Rafael Alberto
_etutor
_98637
856 _uhttps://unicurn.sharepoint.com/:b:/s/biblioteca/EZwIXekaj55Pja3RN2l6_v0BroV4i_xe5-HQoZT8ebhC7w?e=OJU6E2
_yConsulte aquí el texto completo
942 _cTG
_hTSO 2023
_i B277a
_2ddc
_n0
999 _c671
_d671